vufinder Bibliothèque Municipale de Charleval de Provence
Se connecter
« Retourner aux résultats de recherche

Ikebana, compositions en pas à pas

Book Cover
Auteur principal: Lila Dias
D'autres auteurs: Rumiko Manako Odile Carton
Support: Livres
Langue: Francais
Publié: 2007 Fleurus Paris
Genre: Documentaire
Collection: Art et techniques
Sujets:
Étiquettes: Ajouter
Pas de Tags !

LEADER 00838nam0a2200229 450
001 16848266
010 |a 978-2-215-09230-8  |b Br.  |d 25 € 
100 |a 20071102d2007 u u0frey01 ba 
101 0 |a fre 
102 |a FR 
200 0 |a Ikebana, compositions en pas à pas  |f Rumiko Manako, Lila Dias, Odile Carton 
207 1 |a   
210 |a Paris  |b 31 rue de Fleurus.  |c Fleurus  |d 2007 
215 |a 120 p.  |c illustrations en couleur  |d 29 x 23 cm 
225 1 |a Art et techniques  |v 233 
330 |a 24 bouquets de styles différents à réaliser grâce à une présentation pas à pas. 
700 0 |a Dias  |b Lila  |4 70 
701 0 |a Manako  |b Rumiko  |4 70 
701 0 |a Carton  |b Odile  |4 70 
900 |a Documentaire 
901 |a Accessible au prêt 
995 |a Bibliothèque  |c Bibliothèque  |f 00156007038235  |h 00156007038235  |k 745.92 DIA  |o p  |q a  |r az  |e Bibliothèque 

Options de recherche

Historique de recherche
Recherche avancée

Trouver plus

Nouveautés

Besoin d'aide ?

Contacter un bibliothécaire